000 00448nam a2200133Ia 4500
008 260210s9999 xx 000 0 und d
024 _a98A-022-EE, 98A-027-EE & 98A-028-EE
082 _a621.3976072 NAU
100 _aNaushad Ali Adil, M. Nauman Atiq & M. Umair Maqsood
245 0 _aMulti Channel Data Acquisition System
260 _aKarachi:
_bUITU,
_c1998
600 _aElectronic Engineering
650 _aBachelor of Engineering (BE)
999 _c32862
_d32862